How to act like a CEO (Record no. 26668)
[ view plain ]
| 000 -LEADER | |
|---|---|
| fixed length control field | 00482nam a2200181Ia 4500 |
| 001 - CONTROL NUMBER | |
| control field | 26507 |
| 008 - FIXED-LENGTH DATA ELEMENTS--GENERAL INFORMATION | |
| fixed length control field | 140414s9999 xx 000 0 und d |
| 020 ## - INTERNATIONAL STANDARD BOOK NUMBER | |
| International Standard Book Number | 0-07-135998-2 |
| 040 ## - CATALOGING SOURCE | |
| Transcribing agency | PK-LaUMT |
| 082 ## - DEWEY DECIMAL CLASSIFICATION NUMBER | |
| Classification number | 658.409 |
| Item number | BEN-H |
| 100 ## - MAIN ENTRY--PERSONAL NAME | |
| Personal name | D. A. Benton |
| 245 ## - TITLE STATEMENT | |
| Title | How to act like a CEO |
| Remainder of title | 10 rules for getting to the top and staying there |
| Statement of responsibility, etc | D. A. Benton |
| 260 ## - PUBLICATION, DISTRIBUTION, ETC. (IMPRINT) | |
| Place of publication, distribution, etc | New York,USA: |
| Name of publisher, distributor, etc | McGraw-Hill, |
| Date of publication, distribution, etc | 2001 |
| 300 ## - PHYSICAL DESCRIPTION | |
| Extent | 204 p. |
| 546 ## - LANGUAGE NOTE | |
| Language note | EN |
| 650 ## - SUBJECT ADDED ENTRY--TOPICAL TERM | |
| Topical term or geographic name as entry element | Executive |
| 942 ## - ADDED ENTRY ELEMENTS (KOHA) | |
| Koha item type | Books |
| Withdrawn status | Lost status | Source of classification or shelving scheme | Damaged status | Not for loan | Home library | Current library | Date acquired | Total Checkouts | Full call number | Barcode | Date last seen | Date checked out | Price effective from | Koha item type |
|---|---|---|---|---|---|---|---|---|---|---|---|---|---|---|
| Dewey Decimal Classification | UMT Main Campus | UMT Main Campus | 2014-04-14 | 6 | 658.409 BEN-H | 29808 | 2024-03-12 | 2024-01-30 | 2014-04-25 | Books | ||||
| Dewey Decimal Classification | UMT Main Campus | UMT Main Campus | 2014-06-20 | 658.409 BEN-H | 29965 | 2025-11-10 | 2014-06-20 | Books |
